书目信息 |
| 题名: |
郎咸平说:谁在谋杀中国经济
|
|
| 作者: | 郎咸平 著 | |
| 分册: | ||
| 出版信息: | 北京 东方出版社 2009.6 |
|
| 页数: | 13,185页 | |
| 开本: | 24cm | |
| 丛书名: | ||
| 单 册: | ||
| 中图分类: | G122 | |
| 科图分类: | ||
| 主题词: | 文化--研究--中国--现代 , 文化 | |
| 电子资源: | ||
| ISBN: | 978-7-5060-3531-6 | |
| 000 | 00957nam0 2200265 45 | |
| 001 | 516 | |
| 005 | 20120531162049.96 | |
| 010 | @a978-7-5060-3531-6@dCNY32.00 | |
| 100 | @a20120328d2009 em y0chiy0110 ea | |
| 101 | 0 | @achi |
| 102 | @aCN@b110000 | |
| 105 | @ay z 000yy | |
| 106 | @ar | |
| 200 | 1 | @a郎咸平说:谁在谋杀中国经济@ALang Xian Ping Shuo: Shui Zai Mou Sha Zhong Guo Jing Ji@e附身中国人的文化魔咒@EFu Shen Zhong Guo Ren De Wen Hua Mo Zhou@f郎咸平著@FLang Xian Ping Zhu |
| 210 | @a北京@c东方出版社@d2009.6 | |
| 215 | @a13,185页@d24cm | |
| 300 | @a郎咸平的百姓经济学 | |
| 330 | @a本书共分十五章,内容包括:诸葛亮能成为优秀的企业家吗、中国高科技的文化魔咒、晋商、徽商等。 | |
| 517 | 1 | @a附身中国人的文化魔咒@AFu Shen Zhong Guo Ren De Wen Hua Mo Zhou |
| 606 | 0 | @a文化@x研究@y中国@z现代 |
| 606 | 0 | @a文化 |
| 690 | @aG122@v4 | |
| 701 | 0 | @a郎咸平@ALang Xian Ping@4著 |
| 801 | 0 | @aCN@bTSTCL@c20120328 |
| 905 | @b0813699-705@dG122@e113@f7 | |
| 郎咸平说:谁在谋杀中国经济:附身中国人的文化魔咒/郎咸平著.-北京:东方出版社,2009.6 |
| 13,185页;24cm |
| 郎咸平的百姓经济学 |
| ISBN 978-7-5060-3531-6:CNY32.00 |
| 本书共分十五章,内容包括:诸葛亮能成为优秀的企业家吗、中国高科技的文化魔咒、晋商、徽商等。 |
| ● |
| 相关链接 |
|
|
|
|
正题名:郎咸平说:谁在谋杀中国经济
索取号:G122/113
 
预约/预借
| 序号 | 登录号 | 条形码 | 馆藏地/架位号 | 状态 | 备注 |
| 1 | 0813699 | 208136998 | 第一样本阅览室/ [索取号:G122/113] | 在馆 | |
| 2 | 0813700 | 208137005 | 第四借阅区/ [索取号:G122/113] | 在馆 | |
| 3 | 0813701 | 208137014 | 第四借阅区/ [索取号:G122/113] | 在馆 | |
| 4 | 0813702 | 208137023 | 第四借阅区/ [索取号:G122/113] | 在馆 | |
| 5 | 0813703 | 208137032 | 第四借阅区/ [索取号:G122/113] | 在馆 | |
| 6 | 0813704 | 208137041 | 第四借阅区/ [索取号:G122/113] | 在馆 | |
| 7 | 0813705 | 208137050 | 第四借阅区/ [索取号:G122/113] | 在馆 |